Movies Quiz

Random Movies or Director Quiz

Kevin Smith Movies Quiz Stats

 Plays Quiz Updated Aug 2, 2017

Also try: Kevin Bacon Movies
Challenge
Share
Tweet
Embed
Score 0/12 Timer 02:00
0 Plays Today
Year Movie % Correct
1994Clerks
97.6%
2006Clerks II
92.9%
2001Jay and Silent Bob Strike Back
88.7%
1995Mallrats
87.3%
1999Dogma
84.7%
1997Chasing Amy
78.9%
2004Jersey Girl
57.3%
2008Zack and Miri Make a Porno
48.2%
2014Tusk
43.5%
2016Yoga Hosers
32.7%
2011Red State
8.9%
2010Cop Out
7.2%

You're not logged in!

Compare scores with friends on all Sporcle quizzes.
OR
Log In

You Might Also Like...

Show Comments

Extras

Top Quizzes Today


Score Distribution

Your Account Isn't Verified!

In order to create a playlist on Sporcle, you need to verify the email address you used during registration. Go to your Sporcle Settings to finish the process.

Report this User

Report this user for behavior that violates our Community Guidelines.

Details: